Gross- & Superkontinente - Statistiken

Allgemein
  • Dieses Quiz wurde 4 mal gespielt
  • Das Durchschnittsergebnis liegt bei 2 aus 10
Antwortstatistiken
Hint Antwort % Korrekt
550-150 mya Gondwana
100%
1800-1500 mya Columbia
33%
200-55 mya Laurasia
33%
400-300 mya Laurussia
33%
3'000-1'000 mya Ur
33%
3'000-2500 mya Arktica
0%
2450-2110 mya Kenorland
0%
275-200 mya Pangaea
0%
600-550 mya Pannotia
0%
1'100-750 mya Rodinia
0%
Keine übereinstimmenden Quizze gefunden
Verteilung der Resultate
Anzahl Personen mit jedem Resultat
Perzentil nach korrekt beantworteten Fragen
Ihre Resultats-Entwicklung
Sie haben dieses Quiz noch nicht gespielt